000 00643nam a2200205 a 4500
005 20210223124942.0
008 030519s1998 mx r 000 0 spa d
020 _a9507247130
035 _aUPN01000124385
049 _aCG
050 4 _aHM1131
_bA5.3
100 1 _aAnder-Egg, Ezequiel,
_d1930-
_928724
245 1 0 _aFormas de alienación en la sociedad burguesa /
_cEzequiel Ander-Egg.
260 _aBuenos Aires :
_bLumen-Hvmanitas.
_cc1998.
300 _a206 p. :
_bil.
440 0 _aPolítica, servicios y trabajo social
650 4 _aALIENACION (PSICOLOGIA SOCIAL)
_911781
650 4 _aCLASE MEDIA -
_xHISTORIA
_910842
905 _aLibro
999 _c96564
_d96564